| 000 | 00870nam a2200181 a 4500 | ||
|---|---|---|---|
| 008 | 120416s1991 ||||||||||||||||| || u | ||
| 020 | _a1557751854 | ||
| 050 | _aIMF(02) | ||
| 100 | _aDownes, Patrick | ||
| 245 | 1 | 4 |
_aThe evolving role of Central Banks: papers presented at the Fifth Seminar on Central Banking, Washington, D.C., November 5-15, 1990 _cedited by Patrick Downes |
| 260 |
_aWashington D.C _bIMF _c1991 |
||
| 300 | _axi, 458p. : ill. | ||
| 350 | _a0.00 | ||
| 650 | _aBANKS AND BANKING, CENTRAL--CONGRESSES | ||
| 700 | _aVaez-Zadeh, Reza | ||
| 995 |
_aSPECIAL COLLECTIONS _D0.00 _e024387 _FCBU-MAIN LIBRARY (Kitwe) _H1 _I28.50 _jIMF(02)1991/ 11A _M1 _UAVAILABLE _y024387 _ZInternational Publications |
||
| 995 |
_aSPECIAL COLLECTIONS _D0.00 _e024816 _FCBU-MAIN LIBRARY (Kitwe) _H1 _I0.00 _jIMF(02)1991/ 11B _M2 _UAVAILABLE _WApr 7, 2008 _y024816 _ZInternational Publications |
||
| 999 |
_c62917 _d62917 |
||